[Event "POHÁR města Říčany 2021"]
[Site "Městské kulturní středisko U labutě"]
[Date "2021.08.21"]
[Round "1.1"]
[White "Svetly, Jiri"]
[Black "Hollan, Petr"]
[Result "0-1"]
[WhiteElo "1852"]
[BlackElo "2318"]
[PlyCount "0"]
[EventDate "2021.08.21"]

1. d4 Nf6 2. c4 e6 3. Nc3 d5 4. Nf3 c5 5. e3 Nc6 6. Be2 Be7 7. O-O O-O 8. a3 a6
9. dxc5 Bxc5 10. b4 Ba7 11. Bb2 d4 12. exd4 Nxd4 13. c5 Nxe2+ 14. Qxe2 Bd7
15. Ne5 Qc7 16. Rfd1 Bb8 17. f4 Bc6 18. g3 h5 19. Rd6 Qc8 20. Rd4 Ba7 21. Nxc6
Qxc6 22. Rd6 Qxd6 23. Ne4 Nxe4 24. Qxe4 Qd5 25. Qe2 Rad8 26. Be5 Qd3 27. Kf1
Qxe2+ 28. Kxe2 Rd5 29. Rc1 Rfd8 30. Rc2 Bb8 0-1

[Event "POHÁR města Říčany 2021"]
[Site "Městské kulturní středisko U labutě"]
[Date "2021.08.21"]
[Round "1.2"]
[White "Vojta, Tomas"]
[Black "Chval, Zdenek"]
[Result "1-0"]
[WhiteElo "2312"]
[BlackElo "1846"]
[PlyCount "0"]
[EventDate "2021.08.21"]

1. e4 c5 2. f4 d6 3. Nf3 Nc6 4. Bb5 Bd7 5. O-O e6 6. Bxc6 Bxc6 7. d3 Be7 8. Qe1
b6 9. c3 Bb7 10. f5 exf5 11. exf5 Qd7 1-0

[Event "POHÁR města Říčany 2021"]
[Site "Městské kulturní středisko U labutě"]
[Date "2021.08.21"]
[Round "1.3"]
[White "Hrbek, Tomas"]
[Black "Petr, Jakub"]
[Result "0-1"]
[WhiteElo "1833"]
[BlackElo "2236"]
[PlyCount "0"]
[EventDate "2021.08.21"]

1. d4 Nf6 2. c4 e6 3. Nc3 Bb4 4. Bd2 O-O 5. e3 b6 6. Nf3 Bb7 7. Be2 d6 8. O-O
Nbd7 9. a3 Bxc3 10. Bxc3 Ne4 11. Qd3 f5 12. Nd2 Qh4 13. f3 Nxc3 14. bxc3 Rf6
15. g3 Rg6 16. Rf2 Rf8 17. Bf1 e5 18. Bg2 Qe7 19. e4 f4 20. g4 Qh4 21. a4 a5
22. h3 h5 23. Kf1 Ba6 24. Nb1 Rc8 25. Na3 Qg3 26. dxe5 Nxe5 27. Qd5+ Kf8 28. Rb1
Ke7 29. Ke2 hxg4 30. hxg4 Rh8 31. Rg1 Rf6 32. Kf1 g6 33. Qd4 Rff8 34. Nb5 Kd7
35. Rd2 Bxb5 36. cxb5 Nxf3 37. Qg7+ Kc8 38. Rf2 Nh2+ 39. Ke1 Qe3+ 0-1

[Event "POHÁR města Říčany 2021"]
[Site "Městské kulturní středisko U labutě"]
[Date "2021.08.21"]
[Round "1.5"]
[White "Vilimova, Julie"]
[Black "Svatos, Jan"]
[Result "0-1"]
[WhiteElo "1805"]
[BlackElo "2198"]
[PlyCount "0"]
[EventDate "2021.08.21"]

1. d4 Nf6 2. c4 e6 3. Nc3 Bb4 4. Qc2 O-O 5. a3 Bxc3+ 6. Qxc3 d5 7. Bg5 h6
8. Bh4 c5 9. e3 cxd4 10. exd4 Nc6 11. Rd1 g5 12. Bg3 Ne4 13. Qe3 Qa5+ 14. Ke2 f5
15. f3 f4 16. Qd3 fxg3 17. fxe4 Rf2+ 18. Ke3 Qc7 19. hxg3 Qxg3+ 20. Nf3 e5
21. Be2 Nxd4 22. Rde1 Rxg2 23. Kd2 Qf2 0-1

[Event "POHÁR města Říčany 2021"]
[Site "Městské kulturní středisko U labutě"]
[Date "2021.08.21"]
[Round "1.6"]
[White "Hrdina, Robin"]
[Black "Vorackova, Jarmila"]
[Result "1-0"]
[WhiteElo "2192"]
[BlackElo "1802"]
[PlyCount "0"]
[EventDate "2021.08.21"]

1. e4 c6 2. d4 d5 3. Nd2 dxe4 4. Nxe4 Bf5 5. Ng3 Bg6 6. h4 h6 7. Nf3 Nd7 8. h5
Bh7 9. Bd3 Bxd3 10. Qxd3 Ngf6 11. Bf4 Qa5+ 12. Bd2 Qc7 13. O-O-O e6 14. Ne4 Nxe4
15. Qxe4 Bd6 16. Kb1 Nf6 17. Qe2 O-O-O 18. c4 Rhe8 19. Bc3 c5 20. Ka1 cxd4
21. Nxd4 a6 22. c5 Qxc5 23. Nb3 Qb5 24. Qf3 e5 25. Ba5 Rd7 26. Qc3+ Kb8 27. Rxd6
Ne4 28. Nc5 Nxc3 29. Nxd7+ Ka7 30. Bxc3 f6 31. Rhd1 Rc8 32. Bd2 Rc6 33. Be3+ Ka8
34. Nb6+ Ka7 35. Rxc6 Qxc6 36. Rd8 1-0

[Event "POHÁR města Říčany 2021"]
[Site "Městské kulturní středisko U labutě"]
[Date "2021.08.21"]
[Round "1.7"]
[White "Blazek, Miroslav"]
[Black "Skypala, Ondrej"]
[Result "0-1"]
[WhiteElo "1801"]
[BlackElo "2158"]
[PlyCount "0"]
[EventDate "2021.08.21"]

1. c4 Nf6 2. d4 g6 3. Nc3 Bg7 4. Nf3 O-O 5. e4 d6 6. h3 e5 7. dxe5 dxe5 8. Qxd8
Rxd8 9. Be2 c6 10. Be3 Be6 11. O-O Nh5 12. Rfd1 Rxd1+ 13. Rxd1 Na6 14. Ng5 Nf4
15. Bxf4 exf4 16. Nxe6 fxe6 17. Rd7 Nc5 18. Rc7 Be5 19. Re7 Bd6 0-1

[Event "POHÁR města Říčany 2021"]
[Site "Městské kulturní středisko U labutě"]
[Date "2021.08.21"]
[Round "1.8"]
[White "Vojta, Jakub"]
[Black "Ruzicka, Filip"]
[Result "1/2-1/2"]
[WhiteElo "2150"]
[BlackElo "1783"]
[PlyCount "0"]
[EventDate "2021.08.21"]

1. e4 e6 2. d4 d5 3. Nc3 Nf6 4. Bg5 dxe4 5. Nxe4 Be7 6. Bxf6 gxf6 7. Nf3 a6
8. Qd2 f5 9. Nc3 b5 10. O-O-O Bb7 11. Ne5 c5 12. Qe3 cxd4 13. Rxd4 Qb6 14. Qd2
Nc6 15. Nxc6 Bxc6 16. Be2 Bg5 17. Qxg5 Qxd4 18. Rd1 Qe5 19. f4 Qe3+ 20. Kb1 b4
21. Bh5 bxc3 22. Bxf7+ Kxf7 23. Qh5+ Kf6 24. Qg5+ 1/2-1/2

[Event "POHÁR města Říčany 2021"]
[Site "Městské kulturní středisko U labutě"]
[Date "2021.08.21"]
[Round "1.9"]
[White "Le, Anh Dung"]
[Black "Chval, Zdenek"]
[Result "0-1"]
[WhiteElo "1779"]
[BlackElo "2147"]
[PlyCount "0"]
[EventDate "2021.08.21"]

1. e4 c5 2. Nf3 d6 3. d4 cxd4 4. Nxd4 Nf6 5. Nc3 a6 6. Bg5 e6 7. f4 Nbd7 8. Qe2
Qc7 9. O-O-O Be7 10. g4 b5 11. Bxf6 Nxf6 12. g5 Nd7 13. f5 b4 14. fxe6 bxc3
15. exf7+ Kxf7 16. Ne6 Qb6 17. Qf3+ Bf6 18. bxc3 Ne5 0-1

[Event "POHÁR města Říčany 2021"]
[Site "Městské kulturní středisko U labutě"]
[Date "2021.08.21"]
[Round "1.29"]
[White "Hampel, Rudolf"]
[Black "Hejsek, Lukas"]
[Result "1-0"]
[WhiteElo "1593"]
[BlackElo "1906"]
[PlyCount "0"]
[EventDate "2021.08.21"]

1. e4 e5 2. Bc4 Nf6 3. d3 Nc6 4. a3 a6 5. Bg5 h6 6. Bh4 g5 7. Bg3 d6 8. Nc3 Bg7
9. Qd2 Nh5 10. Nge2 f5 11. f3 Nf4 12. O-O-O Nxg2 13. Rhg1 Nf4 14. Bxf4 exf4
15. Nxf4 Bd4 16. Ng6 f4 17. Qg2 Bxg1 18. Qxg1 Rh7 19. d4 Qf6 20. Nh4 Bh3 21. Nd5
Qg7 22. Nf5 Bxf5 23. exf5 O-O-O 24. f6 Qf8 25. Bd3 Rf7 26. Qf1 Rxf6 27. Bxa6
bxa6 28. Qxa6+ Kd7 29. Qb7 Ne7 30. Qxc7+ Ke8 31. Re1 Rf7 32. Qc6+ Rd7 33. Nc7+
1-0

[Event "POHÁR města Říčany 2021"]
[Site "Městské kulturní středisko U labutě"]
[Date "2021.08.21"]
[Round "1.11"]
[White "Pejrimovska, Viola Ruby"]
[Black "Zvolensky, David"]
[Result "1-0"]
[WhiteElo "1773"]
[BlackElo "2136"]
[PlyCount "0"]
[EventDate "2021.08.21"]

1. e4 e5 2. Nf3 Nc6 3. Nc3 Nf6 4. d4 exd4 5. Nd5 Nb4 6. Bg5 Nbxd5 7. exd5 Bb4+
8. Bd2 Qe7+ 9. Be2 Nxd5 10. O-O Bxd2 11. Qxd2 O-O 12. Nxd4 Qf6 13. f4 Ne7 14. g4
d5 15. f5 h6 16. Rf4 c5 17. Nf3 Qxb2 18. Rf1 f6 19. h4 Bd7 20. g5 fxg5 21. hxg5
Bxf5 22. gxh6 gxh6 23. Rf2 Qxc2 24. Rg4+ Kh7 25. Qxh6+ 1-0

[Event "POHÁR města Říčany 2021"]
[Site "Městské kulturní středisko U labutě"]
[Date "2021.08.21"]
[Round "1.12"]
[White "Placer, Sebastian"]
[Black "Pressler, Tobias"]
[Result "0-1"]
[WhiteElo "2129"]
[BlackElo "1772"]
[PlyCount "0"]
[EventDate "2021.08.21"]

1. e4 c5 2. Nf3 Nc6 3. d4 cxd4 4. Nxd4 g6 5. c4 Bg7 6. Be3 d6 7. Be2 Nf6 8. Nc3
O-O 9. Nc2 Be6 10. O-O Qd7 11. h3 Rfd8 12. Rc1 Rac8 13. Qd2 Qc7 14. f4 Ne8
15. f5 Bd7 16. Nd5 Qb8 17. Nd4 Bf8 18. Bg5 f6 19. Be3 Nc7 20. Nb4 0-1

[Event "POHÁR města Říčany 2021"]
[Site "Městské kulturní středisko U labutě"]
[Date "2021.08.21"]
[Round "1.13"]
[White "Kalvach, Ladislav"]
[Black "Hajiyev, Kanan"]
[Result "0-1"]
[WhiteElo "1771"]
[BlackElo "2124"]
[PlyCount "0"]
[EventDate "2021.08.21"]

1. c4 c6 2. Nc3 d5 3. e3 Nf6 4. d4 g6 5. Nf3 Bg7 6. a4 O-O 7. Bd3 Bf5 8. Bxf5
gxf5 9. Qb3 Qb6 10. Qxb6 axb6 11. cxd5 Nxd5 12. Nxd5 cxd5 13. Bd2 Rc8 14. Ke2
Nc6 15. Bc3 e6 16. Rhc1 Bf8 17. b3 0-1

[Event "POHÁR města Říčany 2021"]
[Site "Městské kulturní středisko U labutě"]
[Date "2021.08.21"]
[Round "1.14"]
[White "Ocelak, Jakub"]
[Black "Nentvich, Libor"]
[Result "1-0"]
[WhiteElo "2102"]
[BlackElo "1771"]
[PlyCount "0"]
[EventDate "2021.08.21"]

1. Nf3 Nf6 2. c4 c5 3. Nc3 g6 4. g3 Bg7 5. Bg2 O-O 6. O-O d5 7. cxd5 Nxd5
8. Nxd5 Qxd5 9. d3 Nc6 10. Be3 Qd6 11. Nd2 b6 12. Nc4 Qc7 13. Bf4 Qd7 14. Ne5
Bxe5 15. Bxe5 Bb7 16. Bc3 Nd4 1-0

[Event "POHÁR města Říčany 2021"]
[Site "Městské kulturní středisko U labutě"]
[Date "2021.08.21"]
[Round "1.15"]
[White "Seidl, Jan"]
[Black "Novotny, Martin"]
[Result "0-1"]
[WhiteElo "1768"]
[BlackElo "2097"]
[PlyCount "0"]
[EventDate "2021.08.21"]

1. f4 d5 2. Nf3 Nc6 3. e3 g6 4. Bb5 a6 5. Bxc6+ bxc6 6. Ne5 c5 7. b3 f6 8. Nf3
e6 9. Bb2 Bd6 10. d3 Nh6 11. Nbd2 O-O 12. Qe2 a5 13. a4 Rb8 14. O-O Bd7 15. Rae1
Nf7 16. g3 e5 17. fxe5 fxe5 18. e4 d4 19. Nc4 Bg4 20. Qd2 h6 21. Qxa5 Bh3
22. Rf2 Ng5 23. Nxg5 Qxg5 24. Qd2 Rxf2 25. Qxf2 Rf8 26. Qe2 h5 27. Bc1 Qf6
28. a5 Bg4 29. Qf1 Qe6 30. Qg2 Bf3 31. Qd2 Be7 32. Qh6 Bg4 33. Rf1 Rxf1+
34. Kxf1 Qf6+ 35. Kg1 Bh3 36. Nd2 Bf8 0-1

[Event "POHÁR města Říčany 2021"]
[Site "Městské kulturní středisko U labutě"]
[Date "2021.08.21"]
[Round "1.16"]
[White "Taborsky, Rostislav"]
[Black "Holub, Adam"]
[Result "1-0"]
[WhiteElo "2090"]
[BlackElo "1754"]
[PlyCount "0"]
[EventDate "2021.08.21"]

1. d4 Nf6 2. c4 g6 3. Nc3 Bg7 4. e4 d6 5. Be2 O-O 6. Bg5 c5 7. d5 e6 8. Qd2 Qb6
9. Nf3 e5 10. Qc2 Nbd7 11. b3 h6 12. Be3 Nh5 13. Nh4 Nf4 14. Bf1 Re8 15. g3 Nh5
16. Be2 Nhf6 17. g4 Nf8 18. Qd2 Kh7 19. f3 Qd8 20. Ng2 a6 21. h4 h5 22. Bg5 Qc7
23. Ne3 Bd7 24. Kf2 Rab8 25. a4 Ng8 26. gxh5 gxh5 27. Nf5 Bxf5 28. exf5 f6
29. Ne4 Rbd8 30. Bd3 Qf7 31. Rag1 Nh6 32. Nxf6+ Bxf6 33. Bxf6 e4 34. Bxe4 Nd7
35. Bg7 1-0

[Event "POHÁR města Říčany 2021"]
[Site "Městské kulturní středisko U labutě"]
[Date "2021.08.21"]
[Round "1.17"]
[White "Rousek, Jan"]
[Black "Jun, Rudolf"]
[Result "0-1"]
[WhiteElo "1745"]
[BlackElo "2090"]
[PlyCount "0"]
[EventDate "2021.08.21"]

1. d4 Nf6 2. c4 g6 3. g3 Bg7 4. Bg2 O-O 5. Nc3 d6 6. Nf3 c6 7. O-O Qa5 8. h3
Nbd7 9. e4 Re8 10. a3 e5 11. d5 Qc7 12. Be3 a6 13. Rc1 c5 14. Ne1 Rb8 15. a4 h6
16. Nd3 b6 17. b3 Kh7 18. Qd2 Nh5 19. g4 Nhf6 20. f4 exf4 21. Bxf4 Ng8 22. Bg3
f6 23. Qf4 Ne5 24. Nxe5 dxe5 25. Qd2 Qd6 26. Kh2 Bd7 27. Qd3 Rf8 28. Rce1 Ne7
29. Rf2 Rbe8 30. Ref1 Rb8 31. Re1 Rb7 32. Bf1 Nc8 33. Qc2 Be8 34. Bd3 g5 35. Kg2
Ne7 36. Kf3 h5 37. Kg2 Kg8 38. Be2 hxg4 39. hxg4 Ng6 40. Rh1 Re7 41. Nd1 Nf4+
42. Kf1 Bg6 43. Ne3 Ra8 44. Nf5 Bxf5 45. gxf5 Rb7 46. Bxf4 exf4 47. Bd3 Kf7
48. Qe2 Kf8 49. Rfh2 Rd8 50. Qh5 Rf7 51. Qe2 Qe5 52. Qb2 Qd6 53. Rh7 0-1

[Event "POHÁR města Říčany 2021"]
[Site "Městské kulturní středisko U labutě"]
[Date "2021.08.21"]
[Round "1.18"]
[White "Stanek, Ondrej"]
[Black "Mach, Jan"]
[Result "1-0"]
[WhiteElo "2072"]
[BlackElo "1742"]
[PlyCount "0"]
[EventDate "2021.08.21"]

1. e4 e5 2. Nf3 Nc6 3. Bb5 Nf6 4. d3 d6 5. c3 Be7 6. O-O O-O 7. h3 h6 8. Nbd2
a6 9. Ba4 b5 10. Bb3 Na5 11. Bc2 c6 12. Re1 Nb7 13. Nf1 Qc7 14. Ng3 Re8 15. a4
Be6 16. Nh4 d5 17. Nhf5 Bf8 18. Qf3 Qd8 19. axb5 cxb5 20. d4 exd4 21. Nxd4 dxe4
22. Nxe4 Nd6 23. Nc6 Qd7 24. Nxf6+ gxf6 25. Bf4 Nc4 26. Rad1 Qb7 27. b3 Rac8
28. Qd3 f5 29. Nd4 Nb2 30. Qg3+ 1-0

[Event "POHÁR města Říčany 2021"]
[Site "Městské kulturní středisko U labutě"]
[Date "2021.08.21"]
[Round "1.20"]
[White "Aubrecht, Petr"]
[Black "Vit, Zdenek"]
[Result "1-0"]
[WhiteElo "2016"]
[BlackElo "1726"]
[PlyCount "0"]
[EventDate "2021.08.21"]

1. b3 d5 2. Bb2 Nf6 3. e3 e6 4. f4 Be7 5. Nf3 c5 6. Be2 Nc6 7. O-O O-O 8. Qe1
Bd7 9. Qg3 Ne8 10. Kh1 Bf6 11. Ne5 a6 12. a4 Nxe5 13. fxe5 Be7 14. d4 g6 15. Nd2
Ng7 16. e4 cxd4 17. Bxd4 Bc6 18. Be3 dxe4 19. Bg4 1-0

[Event "POHÁR města Říčany 2021"]
[Site "Městské kulturní středisko U labutě"]
[Date "2021.08.21"]
[Round "1.21"]
[White "Kacirek, Pavel"]
[Black "Elias, Jakub"]
[Result "0-1"]
[WhiteElo "1718"]
[BlackElo "1982"]
[PlyCount "0"]
[EventDate "2021.08.21"]

1. d4 Nf6 2. Nf3 g6 3. b3 Bg7 4. Bb2 O-O 5. e3 b6 6. Be2 Bb7 7. O-O d6 8. c4
Nbd7 9. Nc3 Ne4 10. Nxe4 Bxe4 11. Bd3 Bb7 12. Nd2 e5 13. dxe5 Nxe5 14. Be2 d5
15. Rc1 dxc4 16. Nxc4 Qg5 17. g3 Nxc4 18. Bxc4 Rfd8 19. Qe1 Qd5 20. f3 0-1

[Event "POHÁR města Říčany 2021"]
[Site "Městské kulturní středisko U labutě"]
[Date "2021.08.21"]
[Round "1.22"]
[White "Blumel, Otto"]
[Black "Konvalinka, Vladislav"]
[Result "0-1"]
[WhiteElo "1965"]
[BlackElo "1718"]
[PlyCount "0"]
[EventDate "2021.08.21"]

1. e4 Nf6 2. Nc3 d5 3. d4 Nxe4 4. Nxe4 dxe4 5. f3 exf3 6. Nxf3 Bg4 7. Bc4 e6
8. O-O c6 9. h3 Bh5 10. g4 Bg6 11. Ne5 Be7 12. Nxg6 hxg6 13. Qf3 O-O 14. Be3 Nd7
15. Rf2 Nb6 16. Bb3 Nd5 17. Raf1 Bg5 18. Bxg5 Qxg5 19. c4 Nc7 20. Re1 Qd8
21. Qf4 Qd7 22. h4 Rad8 23. Rd1 Qd6 24. Qf3 Qe7 25. Qh3 Rd7 26. h5 Qg5 27. hxg6
Qxg6 28. Rh2 Qh6 29. Qg3 Qg6 30. Bc2 f5 31. g5 Rfd8 32. Qf4 Ne8 33. Kh1 Nd6
34. c5 Nf7 35. Bb3 Kf8 36. Qe3 e5 37. Bxf7 Kxf7 38. Qxe5 Qe6 39. Qg3 Qe4+
40. Qg2 Kg6 0-1

[Event "POHÁR města Říčany 2021"]
[Site "Městské kulturní středisko U labutě"]
[Date "2021.08.21"]
[Round "1.24"]
[White "Petras, Milan"]
[Black "Cabart, Pavel"]
[Result "1-0"]
[WhiteElo "1938"]
[BlackElo "1700"]
[PlyCount "0"]
[EventDate "2021.08.21"]

1. b4 b6 2. Bb2 e6 3. c4 Nf6 4. a3 Be7 5. Nc3 O-O 6. e4 d5 7. e5 Ne8 8. f4 d4
9. Ne4 Bb7 10. Bd3 f5 11. exf6 Nxf6 12. Qe2 c5 13. Ng5 Qd6 14. bxc5 bxc5
15. N1f3 Bxf3 16. Qxf3 Nc6 17. Qh3 h6 18. Nxe6 Ne5 19. Nxf8 Nxd3+ 20. Qxd3 Rxf8
21. O-O 1-0

[Event "POHÁR města Říčany 2021"]
[Site "Městské kulturní středisko U labutě"]
[Date "2021.08.21"]
[Round "1.25"]
[White "Papousek, Michal"]
[Black "Cermak, Jan"]
[Result "0-1"]
[WhiteElo "1689"]
[BlackElo "1938"]
[PlyCount "0"]
[EventDate "2021.08.21"]

1. d4 d5 2. c4 c6 3. Nc3 Nf6 4. Nf3 dxc4 5. a4 Bf5 6. e3 e6 7. Bxc4 Nbd7 8. O-O
Be7 9. h3 O-O 10. Re1 Bg6 11. e4 Qc7 12. Bd3 Nxe4 13. Bxe4 Bxe4 14. Ng5 Bg6
15. Qb3 h6 16. Nf3 Nb6 17. Ne5 Bf5 18. g4 Nc4 19. gxf5 Nxe5 20. Bf4 exf5
21. Bxe5 Qd7 22. Rad1 b6 23. Re3 Bd6 24. Qc2 f4 25. Rf3 Rac8 26. Qe4 Rfe8 0-1

[Event "POHÁR města Říčany 2021"]
[Site "Městské kulturní středisko U labutě"]
[Date "2021.08.21"]
[Round "1.26"]
[White "Voracek, Zdenek"]
[Black "Bezdek, Tomas"]
[Result "0-1"]
[WhiteElo "1935"]
[BlackElo "1644"]
[PlyCount "0"]
[EventDate "2021.08.21"]

1. d4 d5 2. c4 e5 3. dxe5 d4 4. Nf3 Nc6 5. a3 Nge7 6. Nbd2 Ng6 7. Nb3 Ngxe5
8. Nxe5 Nxe5 9. Qxd4 Qxd4 10. Nxd4 Nxc4 11. Nb5 Bd6 12. e4 Be6 13. f4 a6 14. Nd4
Na5 15. Nxe6 fxe6 16. e5 Bc5 17. b4 Bd4 18. Rb1 Nc6 19. Bc4 Ke7 20. Ke2 h6
21. a4 Ba7 22. b5 axb5 23. axb5 Nd4+ 24. Kd3 Bc5 25. Rd1 Rhd8 26. Kc3 Nxb5+
27. Kc2 Nd4+ 28. Kb2 Ra4 29. Bb3 Rb4 30. Rd3 Ra8 31. Bd2 Rb6 32. Kc1 Ra3 33. Bc4
Rxd3 34. Bxd3 Nb3+ 35. Kc2 Nxd2 36. Kxd2 Rxb1 37. Bxb1 g5 38. g3 Bg1 39. fxg5
hxg5 40. h4 Bf2 41. hxg5 Bxg3 42. Ke3 Bxe5 43. Ke4 Bg7 44. Bc2 b5 45. Bd3 c6
46. Be2 Kd6 47. Bh5 c5 48. Bd1 b4 49. Kd3 b3 50. Kc4 b2 51. Bb3 Bd4 52. Bc2 Ke5
53. g6 Kf4 54. Bb1 Ke3 55. g7 Bxg7 56. Kxc5 Kd2 57. Kd6 Kc1 58. Be4 e5 0-1

[Event "POHÁR města Říčany 2021"]
[Site "Městské kulturní středisko U labutě"]
[Date "2021.08.21"]
[Round "1.27"]
[White "Bruna, Matous"]
[Black "Salac, Jiri"]
[Result "1-0"]
[WhiteElo "1623"]
[BlackElo "1929"]
[PlyCount "0"]
[EventDate "2021.08.21"]

1. e4 c5 2. Nc3 a6 3. f4 d6 4. Nf3 Nc6 5. g3 g6 6. Bg2 Bg7 7. O-O e6 8. d3 Nge7
9. Be3 Nd4 10. Rb1 O-O 11. Ne2 Nec6 12. c3 Nxe2+ 13. Qxe2 b5 14. e5 Bb7 15. Rbd1
Rc8 16. exd6 Qxd6 17. Ng5 Nd8 18. Ne4 Qe7 19. Qf2 Bxe4 20. dxe4 Nb7 21. e5 c4
22. Rd2 Rfd8 23. Rfd1 Rxd2 24. Rxd2 Bf8 25. Be4 Nc5 26. Bc2 Qc7 27. Kg2 Qc6+
28. Qf3 Qxf3+ 29. Kxf3 Be7 30. b4 cxb3 31. axb3 Rc7 32. b4 Nd7 33. Be4 Kf8
34. Bd4 Nb8 35. Ra2 Nc6 36. Bb6 Nxb4 37. cxb4 Rc3+ 38. Kg2 Bxb4 39. Rxa6 Ba3
40. Rxa3 1-0

[Event "POHÁR města Říčany 2021"]
[Site "Městské kulturní středisko U labutě"]
[Date "2021.08.21"]
[Round "1.28"]
[White "Novotny, David"]
[Black "Feierfeil, Jiri"]
[Result "1-0"]
[WhiteElo "1923"]
[BlackElo "1623"]
[PlyCount "0"]
[EventDate "2021.08.21"]

1. d4 Nf6 2. Nc3 d5 3. Bf4 a6 4. e3 Bf5 5. f3 e6 6. g4 Bg6 7. h4 h6 8. Nge2 Bd6
9. Qd2 Nc6 10. O-O-O Nb4 11. a3 Nxc2 12. Nb1 b5 13. b4 a5 14. e4 dxe4 15. Qxc2
axb4 16. Qc6+ Ke7 17. axb4 exf3 18. Bxd6+ cxd6 19. Qb7+ Nd7 20. Nec3 Rb8
21. Qxf3 Qc7 22. Rh2 Rhc8 23. Rf2 f6 24. Bd3 Bxd3 25. Qxd3 Kf7 26. g5 hxg5
27. hxg5 Rh8 28. Rg1 Qc4 29. Qg3 f5 30. Qxd6 Nb6 31. g6+ Kf6 32. Rxf5+ 1-0

[Event "POHÁR města Říčany 2021"]
[Site "Městské kulturní středisko U labutě"]
[Date "2021.08.21"]
[Round "1.29"]
[White "Hampel, Rudolf"]
[Black "Hejsek, Lukas"]
[Result "0-1"]
[WhiteElo "1593"]
[BlackElo "1906"]
[PlyCount "0"]
[EventDate "2021.08.21"]

1. e4 c5 2. Nf3 Nc6 3. d4 cxd4 4. Nxd4 Nf6 5. Nc3 e5 6. Nb3 Bb4 7. Bg5 h6
8. Bxf6 Qxf6 9. Bc4 Bxc3+ 10. bxc3 O-O 11. O-O Ne7 12. Qd2 d6 13. f4 Be6
14. fxe5 dxe5 15. Bd3 Rac8 16. Qf2 b6 17. Nd4 Rxc3 18. Kh1 Nc6 19. Nf3 0-1

[Event "POHÁR města Říčany 2021"]
[Site "Městské kulturní středisko U labutě"]
[Date "2021.08.21"]
[Round "1.30"]
[White "Danhel, Lukas"]
[Black "Jankovsky, Zbynek"]
[Result "1-0"]
[WhiteElo "1902"]
[BlackElo "1564"]
[PlyCount "0"]
[EventDate "2021.08.21"]

1. e4 e6 2. d4 c5 3. Nf3 cxd4 4. Nxd4 Nc6 5. Nc3 Bb4 6. Be2 Nge7 7. O-O Bxc3
8. bxc3 O-O 9. Qd3 a6 10. Ba3 Re8 11. Bd6 Ng6 12. f4 e5 13. fxe5 Ngxe5 14. Qg3
Ng6 15. Bc4 Nce5 16. Bd5 Qb6 17. Qf2 Qxd6 18. Bxf7+ Kh8 19. Bxe8 Ng4 20. Qg3
Qxg3 21. hxg3 b5 22. Bxg6 hxg6 23. Rf8+ Kh7 24. Re1 Bb7 25. Rxa8 Bxa8 26. Nf3
Nf6 27. a3 Nxe4 28. Rxe4 Bxe4 29. Ng5+ Kg8 30. Nxe4 Kf7 31. Kf2 Ke7 32. Ke3 d6
33. Kd4 Ke6 34. Nf2 g5 35. g4 1-0

[Event "POHÁR města Říčany 2021"]
[Site "Městské kulturní středisko U labutě"]
[Date "2021.08.21"]
[Round "1.31"]
[White "Rucabado, Stefan"]
[Black "Skala, Jaromir"]
[Result "1-0"]
[WhiteElo "1549"]
[BlackElo "1887"]
[PlyCount "0"]
[EventDate "2021.08.21"]

1. e4 e5 2. Nc3 Bc5 3. Bc4 Nf6 4. d3 d6 5. h3 c6 6. Bg5 b5 7. Bb3 a5 8. a3 Be6
9. Nge2 Bxb3 10. cxb3 Qb6 11. O-O Nbd7 12. b4 axb4 13. axb4 Rxa1 14. Qxa1 Bxb4
15. Qa8+ Nb8 16. Ra1 O-O 17. Bxf6 gxf6 18. Ng3 Bc5 19. Nd1 Nd7 20. Qa2 Qd8
21. Nf5 Nb6 22. Nde3 Bxe3 23. fxe3 d5 24. Qb1 dxe4 25. Qe1 Kh8 26. dxe4 Qe8
27. Qh4 Qe6 28. Ra7 Nc8 29. Qh6 Rg8 30. Ra8 Rg6 31. Qf8+ Rg8 32. Qh6 Rg6
33. Qf8+ Rg8 34. Qxg8+ Kxg8 35. Rxc8+ Qxc8 36. Ne7+ Kf8 37. Nxc8 Ke8 38. Nd6+
Ke7 39. Nf5+ Kd7 40. Kf2 c5 41. Ke2 Ke6 42. Kd3 Kd7 43. Kc3 Ke6 44. b4 c4 45. g4
Kd7 46. Nh4 Ke7 47. Nf3 Ke6 48. Nd2 Kd6 49. Nxc4+ bxc4 50. Kxc4 Kc6 51. b5+ Kd7
52. Kc5 Kc7 53. b6+ Kb7 54. Kb5 Kb8 55. Kc6 Kc8 56. h4 h6 57. h5 Kb8 58. b7 f5
59. exf5 f6 60. e4 1-0

[Event "POHÁR města Říčany 2021"]
[Site "Městské kulturní středisko U labutě"]
[Date "2021.08.21"]
[Round "1.32"]
[White "Bartos, Vaclav"]
[Black "Kleprlik, Jan"]
[Result "1-0"]
[WhiteElo "1879"]
[BlackElo "1533"]
[PlyCount "0"]
[EventDate "2021.08.21"]

1. d4 d5 2. c4 c6 3. cxd5 cxd5 4. Nc3 Nf6 5. Bf4 e6 6. e3 Bd6 7. Bxd6 Qxd6
8. Bd3 Bd7 9. f4 Bc6 10. Nf3 Ne4 11. Ne5 Nxc3 12. bxc3 Nd7 13. O-O Nf6 14. Rf3
Ne4 15. Qe2 f6 16. Ng4 Ke7 17. Nf2 Nxf2 1-0

[Event "POHÁR města Říčany 2021"]
[Site "Městské kulturní středisko U labutě"]
[Date "2021.08.21"]
[Round "1.33"]
[White "Pejrimovsky, Tadeas Rubel"]
[Black "Vavrinec, Tomas"]
[Result "1-0"]
[WhiteElo "1532"]
[BlackElo "1875"]
[PlyCount "0"]
[EventDate "2021.08.21"]

1. e4 e6 2. Nf3 d5 3. e5 c5 4. b4 cxb4 5. d4 Qa5 6. a3 Bd7 7. Bd2 Nh6 8. Bd3
Nf5 9. O-O Nc6 10. Be3 Be7 11. Nbd2 bxa3 12. Nb3 Nxe3 13. fxe3 Qc3 14. h4 h6
15. Nh2 O-O-O 16. Rxf7 Rdg8 17. Qb1 Qb2 18. Qe1 Be8 19. Rxe7 Nxe7 20. Rb1 Qa2
21. Nc5 b6 22. Nxe6 Nc6 23. e4 dxe4 24. Ba6+ Kd7 25. d5 Nxe5 26. Bb5+ Ke7
27. Qb4+ Kf6 28. Rf1+ Kg6 29. Qxe4+ 1-0